000 00633nam a2200253Ia 4500
003 OSt
005 20220924133608.0
006 a|||||r|||| 00| 0
007 ta
008 220923b |||||||| |||| 00| 0 ara d
024 _a267238
037 _cTextual
040 _aARTS
_cARTS
_bara
041 _2ara
_aara
082 _aP28, 28F0
100 _aSami Abdul Au.
_9206855
245 0 _aMuftah al-lughat al-Arabiya
260 _c1920
300 _a108p.
_ccm.
650 _a LINGUISTICS
650 _aARABIC LANGUAGE
_931794
942 _hP28, 28F0
_cTEXL
_2CC
999 _c434354
_d434354